000 00601nam a2200217Ia 4500
003 OSt
005 20230502112501.0
008 210423s2013 xx 000 0 und d
020 _a9788131728178
040 _cAL
041 _aeng
082 _a658.150954
_223
_bPATB
100 _aPATHAK (Bharati V).
_995842
245 _aIndian financial system: markets institutions and services.
250 _a3
260 _aNew Delhi
_bPearson
_c2013
300 _axxiii,783
_bPB
365 _b495
_cINR
906 _afinancial ; Indian ; institutions ; markets ; services. ; system:
942 _2ddc
_cBK
999 _c161428
_d161428